Normal view
MARC view
- Ben A. Munk
Entry Personal Name
001 - CONTROL NUMBER
- control field: 124007
003 - CONTROL NUMBER IDENTIFIER
- control field: NUST
005 - DATE AND TIME OF LATEST TRANSACTION
- control field: 20240702175132.0
008 - FIXED-LENGTH DATA ELEMENTS
- fixed length control field: 240702|| aca||aabn | a|a d
040 ## - CATALOGING SOURCE
- Original cataloging agency: NUST
- Transcribing agency: NUST
100 ## - HEADING--PERSONAL NAME
- Personal name: Ben A. Munk
670 ## - SOURCE DATA FOUND
- Source citation: Work cat.: (NUST): Ben A. Munk, Frequency Selective Surfaces, 2000.
